000 00775nam a2200229 a 4500
001 BRCA_2866
005 20190320204015.0
008 101208s1957----nyua---###---#000-0#eng-#
050 4 _aND813.S6
_b.A53 1957
100 1 _aAnderson, Ruth Matilda
_98007
245 1 0 _aCostumes Painted by Sorolla in his Provinces of Spain
_cRuth Matilda Anderson.
260 _aNew York
_bHispanic Society of America
_c1957
300 _aix, 198 p.
_bil.
_c23 cm.
440 0 _aHispanic Notes & Monographs Essays, Studies, and Brief Biographies
_97619
500 _aIncluye índice alfabético
500 _aAA32
600 1 4 _aSorolla y Bastida, Joaquin
_d1863-1923
_97831
650 1 4 _aPintores españoles
_97620
650 1 4 _aIndumentaria
_zEspaña
_98008
902 _aGFM
942 _2lcc
_cB
999 _c2605
_d2605